Library Logo

Pioneer International University Library Catalogue

An American killing : (Record no. 9401)

MARC details
000 -LEADER
fixed length control field 01267cam a2200337 a 4500
001 - CONTROL NUMBER
control field 4491743
003 - CONTROL NUMBER IDENTIFIER
control field OSt
005 - DATE AND TIME OF LATEST TRANSACTION
control field 20250901165811.0
008 - FIXED-LENGTH DATA ELEMENTS--GENERAL INFORMATION
fixed length control field 971120s1998 nyu 000 1 eng
010 ## - LIBRARY OF CONGRESS CONTROL NUMBER
LC control number 97046663
020 ## - INTERNATIONAL STANDARD BOOK NUMBER
International Standard Book Number 0805057021 (hardcover : alk. paper)
040 ## - CATALOGING SOURCE
Original cataloging agency DLC
Transcribing agency DLC
Modifying agency DLC
-- OCoLC
-- DLC
043 ## - GEOGRAPHIC AREA CODE
Geographic area code n-us-dc
050 00 - LIBRARY OF CONGRESS CALL NUMBER
Classification number PS 3569 .M537736 A82 1998
Item number A82 1998
082 00 - DEWEY DECIMAL CLASSIFICATION NUMBER
Classification number 813/.54
Edition information 21
100 1# - MAIN ENTRY--PERSONAL NAME
Personal name Smith, Mary-Ann Tirone,
Dates associated with a name 1944-
245 13 - TITLE STATEMENT
Title An American killing :
Remainder of title a novel /
Statement of responsibility, etc. by Mary-Ann Tirone Smith.
250 ## - EDITION STATEMENT
Edition statement 1st ed.
260 ## - PUBLICATION, DISTRIBUTION, ETC.
Place of publication, distribution, etc. New York :
Name of publisher, distributor, etc. Henry Holt,
Date of publication, distribution, etc. 1998.
300 ## - PHYSICAL DESCRIPTION
Extent 360 p. ;
Dimensions 24 cm.
500 ## - GENERAL NOTE
General note "A Marian Wood book."
650 #0 - SUBJECT ADDED ENTRY--TOPICAL TERM
Topical term or geographic name entry element Women authors
General subdivision Fiction.
650 #0 - SUBJECT ADDED ENTRY--TOPICAL TERM
Topical term or geographic name entry element Politicians' spouses
General subdivision Fiction.
651 #0 - SUBJECT ADDED ENTRY--GEOGRAPHIC NAME
Geographic name Washington (D.C.)
General subdivision Fiction.
655 #7 - INDEX TERM--GENRE/FORM
Genre/form data or focus term Detective and mystery stories.
Source of term gsafd
856 42 - ELECTRONIC LOCATION AND ACCESS
Materials specified Contributor biographical information
Uniform Resource Identifier <a href="http://www.loc.gov/catdir/enhancements/fy0667/97046663-b.html">http://www.loc.gov/catdir/enhancements/fy0667/97046663-b.html</a>
856 42 - ELECTRONIC LOCATION AND ACCESS
Materials specified Publisher description
Uniform Resource Identifier <a href="http://www.loc.gov/catdir/enhancements/fy0667/97046663-d.html">http://www.loc.gov/catdir/enhancements/fy0667/97046663-d.html</a>
906 ## - LOCAL DATA ELEMENT F, LDF (RLIN)
a 7
b cbc
c orignew
d 1
e ocip
f 19
g y-gencatlg
942 ## - ADDED ENTRY ELEMENTS (KOHA)
Source of classification or shelving scheme Library of Congress Classification
Koha item type Books
Holdings
Withdrawn status Lost status Source of classification or shelving scheme Damaged status Not for loan Home library Current library Shelving location Date acquired Total checkouts Full call number Barcode Date last seen Price effective from Koha item type
    Library of Congress Classification     Main Library Main Library   03/24/2025   PS 3569 .M537736 A82 1998 PIU0005840 03/24/2025 03/24/2025 Books